যে কথা বলিতে চাই / (Record no. 38871)
[ view plain ]
| 000 -LEADER | |
|---|---|
| fixed length control field | 00926nam a22002417a 4500 |
| 001 - CONTROL NUMBER | |
| control field | 38871 |
| 003 - CONTROL NUMBER IDENTIFIER | |
| rucl marc code | BD-RjUL |
| 005 - DATE AND TIME OF LATEST TRANSACTION | |
| control field | 20211209052856.0 |
| 008 - FIXED-LENGTH DATA ELEMENTS--GENERAL INFORMATION | |
| fixed length control field | 160424r20102009bg ||||| |||| 001 e ben d |
| 020 ## - INTERNATIONAL STANDARD BOOK NUMBER | |
| International Standard Book Number | 9788177568189 |
| Terms of availability | : Tk. 250.00 |
| 035 ## - SYSTEM CONTROL NUMBER | |
| System control number | (BD-RjUL) 38981 |
| 040 ## - CATALOGING SOURCE | |
| Original cataloging agency | BD-RjUL |
| Language of cataloging | ben |
| Transcribing agency | BD-RjUL |
| 041 ## - LANGUAGE CODE | |
| Language code of text/sound track or separate title | ben |
| 082 ## - DEWEY DECIMAL CLASSIFICATION NUMBER | |
| Edition number | 23 |
| Author mark and year | DUJ 2010 |
| Classification number | 891.44409 |
| 100 ## - MAIN ENTRY--PERSONAL NAME | |
| Personal name | দত্ত, অম্লান |
| 9 (RLIN) | 119885 |
| 245 10 - TITLE STATEMENT | |
| Title | যে কথা বলিতে চাই / |
| Statement of responsibility, etc. | অম্লান দত্ত |
| 250 ## - EDITION STATEMENT | |
| Edition statement | ২য় |
| 260 ## - PUBLICATION, DISTRIBUTION, ETC. (IMPRINT) | |
| Place of publication, distribution, etc. | কলকাতা : |
| Name of publisher, distributor, etc. | আনন্দ পাবলিশার্স, |
| Date of publication, distribution, etc. | ২০০৯ [মুদ্রণ ২০১০] |
| 300 ## - PHYSICAL DESCRIPTION | |
| Pagination | ১৩১ পৃ. ; |
| Size | ২১ সেমি. |
| 650 ## - SUBJECT ADDED ENTRY--TOPICAL TERM | |
| Topical term or geographic name as entry element | বাংলা প্রবন্ধ |
| Form subdivision | ইতিহাস ও সমালোচনা |
| 9 (RLIN) | 119946 |
| Topical term or geographic name as entry element | Bengali Essays |
| Form subdivision | History and Criticism |
| 9 (RLIN) | 119947 |
| 942 ## - ADDED ENTRY ELEMENTS (KOHA) | |
| Source of classification or shelving scheme | Dewey Decimal Classification |
| Koha item type | Books |
| Lost status | Source of classification or shelving scheme | Damaged status | Not for loan | Collection code | Permanent Location | Current Location | Shelving location | Date acquired | Source of acquisition | Cost, normal purchase price | Total Checkouts | Full call number | Date last seen | Copy number | Koha item type | Date checked out |
|---|---|---|---|---|---|---|---|---|---|---|---|---|---|---|---|---|
| Dewey Decimal Classification | Not For Loan | Non-fiction | Central Library, University of Rajshahi | Central Library, University of Rajshahi | Reading Room | 23/06/2015 | Batighor, Chittagong | 250.00 | B 891.44409 DUJ 2010 | 19/03/2016 | C-1 | Books | ||||
| Dewey Decimal Classification | Non-fiction | Central Library, University of Rajshahi | Central Library, University of Rajshahi | 23/06/2015 | Batighor, Chittagong | 250.00 | 1 | B 891.44409 DUJ 2010 | 31/12/2019 | C-2 | Books | 19/12/2019 |